Biblioteca
Vista normal Vista MARC
  • Biblia y feminismo

Entrada Tema o Materia

Número de registros utilizados en: 9

001 - NUMERO DE CONTROL

  • Campo de control: 450

003 - IDENTIFICADOR DEL NUMERO DE CONTROL

  • Campo de control: CO-MdFUSB

005 - HORA Y FECHA DE LA ULTIMA TRANSACCIÓN

  • Campo de control: 20161007121224.0

008 - CAMPO DE LONGITUD FIJA

  • Campo fijo de descripción fija: 970929 n anznnbabn||||||||| a ana d

040 ## -

  • : CO-MdFUSB
  • : CO-MdFUSB

150 ## - ENCABEZAMIENTO DE MATERIA-TEMA

  • Téma o Materia: Biblia y feminismo

450 ## - REFERENCIA DE ENVIO “VEASE” - MATERIA

  • Encabezamiento temático : Feminismo y Biblia

550 ## - REFERENCIA DE ENVIO "VEASE ADEMAS" - MATERIA

  • Subcampo de control: g
  • Encabezamiento temático o nombre geográfico como elemento de entrada: Feminismo
  • Subdivisión General: Aspectos religiosos

670 ## - FUENTE EN LA QUE SE LOCALIZARON DATOS

  • Cita de la fuente : LC auth. en línea (01/07/09)
  • Información localizada : Bible and feminism

670 ## - FUENTE EN LA QUE SE LOCALIZARON DATOS

  • Cita de la fuente : BNF aut. en línea (01/07/09)
  • Información localizada : Bible--Critique féministe

750 #7 - ASIENTO LIGADO AL ENCABEZAMIENTO - TEMATICO

  • Encabezamiento temático : Bible and feminism

750 #7 - ASIENTO LIGADO AL ENCABEZAMIENTO - TEMATICO

  • Encabezamiento temático : Bible
  • Subdivisión general: Critique féministe

Biblioteca FUSBC | Teléfono: (57+4) 349 88 10 Ext. 141| WhatsApp (+57) 3005338115 
E-mail: biblioteca@unisbc.edu.co | Calle 76 87-14 Robledo Palenque, Medellín, Colombia

Con tecnología Koha